Disabled workers in the Slovak Republic

Saved in:
Bibliographic Details
Main Author: Ochotnický, Pavol
Format: Book Chapter
Language:English
Tags: Add Tag
No Tags, Be the first to tag this record!

MARC

LEADER 00000naa$a2200000$$$4500
001 0105902
005 20240502083251.5
041 0 |a eng 
044 |a PL 
245 1 0 |a Disabled workers in the Slovak Republic  |c Pavol Ochotnický 
100 1 |a Ochotnický, Pavol